000 00789cam a22002413a 4500
001 31931
003 PGUSA
005 20140828083706.0
008 100409s2010||||xxu|||||s|||||000 | eng d
040 _aPGUSA
_beng
042 _adc
050 4 _aF2661
100 1 _aLa Poëpe, Claude de
245 1 0 _aLa politique du Paraguay :
_bIdentité de cette politique avec celle de la France et de la Grande-Bretagne dans le Rio de La Plata
_h[electronic resource] /
_cClaude de La Poëpe
260 _bProject Gutenberg,
_c2010
506 _aPublic domain in the USA.
516 _aElectronic text
653 _aParaguayan War, 1865-1870
653 _aParaguay -- Foreign relations
830 0 _aProject Gutenberg
_v31931
856 4 0 _uhttp://www.gutenberg.org/ebooks/31931
942 _cEB
999 _c261186
_d261186